00842nam a2200241 a 4500001001000000003000900010005001700019007000300036008003800039040003000077082003100107245008400138250000600222260000600228264006900234300002800303336002800331337003500359338003000394600006900424651006100493710004600554000004203DO-SdBPM20260422140238.0ta090720s2012 dr bc 001 0 spa d aDO-SdBPMbspacBPMSUerda04a923.287 bB689b, 201222210aBiografía de Simón Bolívar /beditor L. Almanzor González Canahuatec  a  c  aSanto Domingo :b Movimiento Social Duartiano-Bolivarianoc2012 apáginas ;c21 cm.b  atexto btxt2rdacontent asin mediación bn2rdamedia  avolumen bnc2rdacarrier 17aBolívar, Simón b1783-1830x Pensamiento político y social 4aVenezuela xHistoria yGuerra de independencia, 810-18232 a Movimiento Social Duartiano-Bolivariano